00437nam a2200157Ia 4500003000400000008004100004040001600045082002200061100001900083245006800102700002200170260004000192300000800232650001800240650002100258GCL140319s9999 xx 000 0 eng d aGCL / cGCL04aCCb069.0932bS O1 aSALEH, MOHAMED10aOFFICIAL CATALOGUE THE EGYPTIAN MUSEUM CAIRO / cSALEH, MOHAMED1 aSOROUZIAN, HOURIG a[S.N] : bPRESTEL- VERLAG ، c1987 a26804aANCIENT EGYPT04aEGYPTIAN MUSEUSM